| 000 | 00445nam a2200157 i 4500 | ||
|---|---|---|---|
| 001 | 25906 | ||
| 003 | ES-MaACL | ||
| 005 | 20230906153342.0 | ||
| 007 | t| | ||
| 008 | 030103s1981 gw ||||1| spa d | ||
| 100 | 1 |
_aArnaldo, Javier. _923039 |
|
| 245 | 1 | 0 |
_aMecer y el labio _b: poemas / _cJavier Arnaldo. |
| 260 |
_a[Munich : _bAkademie für Graphische Gewerbe, _c1981] |
||
| 300 |
_a12 p. ; _c25 cm. |
||
| 852 |
_aES-MaACL _j2119-F-17 _bR.102107 |
||
| 999 |
_c25906 _d25906 |
||